书目信息 |
| 题名: |
急症外科学
|
|
| 作者: | 刘福龄 , 张振湘 主编 | |
| 分册: | ||
| 出版信息: | 上海 上海科学技术出版社 1980.10 |
|
| 页数: | 487页 | |
| 开本: | 26cm | |
| 丛书名: | ||
| 单 册: | ||
| 中图分类: | R605 | |
| 科图分类: | ||
| 主题词: | 外科学-急性病 , 急性病-外科学 | |
| 电子资源: | ||
| ISBN: | ||
| 000 | 00693nam0 2200265 45 | |
| 001 | 0180009396 | |
| 005 | 20061121102952.09 | |
| 010 | @dCNY2.85 | |
| 091 | @aCN@b14119.393 | |
| 100 | @a19950428d1980 em y0chiy0121 ea | |
| 101 | 0 | @achi |
| 102 | @aCN@b310000 | |
| 105 | @ay z 000yy | |
| 200 | 10 | @a急症外科学@Aji zheng wai ke xue@f张振湘,刘福龄主编 |
| 205 | @a2版 | |
| 210 | @a上海@c上海科学技术出版社@d1980.10 | |
| 215 | @a487页@d26cm | |
| 606 | @a外科学-急性病 | |
| 606 | @a急性病-外科学 | |
| 690 | @aR605@v3 | |
| 701 | 0 | @a刘福龄@Aliu fu ling@4主编 |
| 701 | 0 | @a张振湘@Azhang zhen xiang@4主编 |
| 801 | 2 | @aCN@bNLC@c20061121 |
| 801 | 0 | @aCN@bTSSF |
| 905 | @a10447@dR605@e5=2 | |
| 急症外科学/张振湘,刘福龄主编.-2版.-上海:上海科学技术出版社,1980.10 |
| 487页;26cm |
| ISBN :CNY2.85 |
| ● |
| 相关链接 |
|
|
|
|
正题名:急症外科学
索取号:R605/5=2
 
预约/预借
| 序号 | 登录号 | 条形码 | 馆藏地/架位号 | 状态 | 备注 |
| 1 | 0036732 | 000715391 | 第二样本阅览室/ [索取号:R605/5=2] | 在馆 |